The unmanageable consumer /

Bibliographic Details
Main Authors: Gabriel, Yiannis, 1952- (Author), Lang, Tim, 1963- (Author)
Format: eBook
Language:English
Published: London, England ; Thousand Oaks, California : SAGE, [2015]
Edition:Third edition.
Subjects:
Online Access:Click to View
LEADER 01785nam a2200445 i 4500
001 EBC6408527
003 MiAaPQ
005 20210512193331.0
006 m o d |
007 cr cnu||||||||
008 210512s2015 enka ob 001 0 eng d
020 |z 9781446298510  |q (print) 
020 |z 9781473933774  |q (electronic bk.) 
024 8 |z 40025347560 
035 |a (MiAaPQ)EBC6408527 
035 |a (Au-PeEL)EBL6408527 
035 |a (OCoLC)1224363144 
040 |a MiAaPQ  |b eng  |e rda  |e pn  |c MiAaPQ  |d MiAaPQ 
050 4 |a HC79.C6  |b .G337 2015 
082 0 |a 381.3  |2 23 
100 1 |a Gabriel, Yiannis,  |d 1952-  |e author. 
245 1 4 |a The unmanageable consumer /  |c Yiannis Gabriel & Tim Lang. 
250 |a Third edition. 
264 1 |a London, England ;  |a Thousand Oaks, California :  |b SAGE,  |c [2015] 
264 4 |c 2015 
300 |a 1 online resource (281 pages) :  |b illustrations 
336 |a text  |b txt  |2 rdacontent 
337 |a computer  |b c  |2 rdamedia 
338 |a online resource  |b cr  |2 rdacarrier 
504 |a Includes bibliographical references and index. 
588 |a Description based on print version record. 
590 |a Electronic reproduction. Ann Arbor, MI : ProQuest, 2018. Available via World Wide Web. Access may be limited to ProQuest affiliated libraries. 
650 0 |a Consumption (Economics) 
650 0 |a Consumers. 
650 0 |a Consumer behavior. 
655 4 |a Electronic books. 
700 1 |a Lang, Tim,  |d 1963-  |e author. 
776 0 8 |i Print version:  |a Gabriel, Yiannis, 1952-.  |t Unmanageable consumer.  |b Third edition.  |d London, England ; Thousand Oaks, California : SAGE, c2015   |h 281 pages   |z 9781446298510   |w (DLC) 2015932257 
797 2 |a ProQuest (Firm) 
856 4 0 |u https://ebookcentral.proquest.com/lib/matrademy/detail.action?docID=6408527  |z Click to View